000 00630nam a2200193Ia 4500
003 GCL
008 140319s9999 xx 000 0 ara d
040 _aGCL /
_cGCL
082 0 4 _a791.43
_bو ا
100 1 _aوزارة الاعلام
245 1 0 _aالانتاج السينمائى الجزائرى 1974-1957 /
_cوزارة الاعلام
260 _aالجزائر :
_bوزارة الاعلام الهيئة العامة للاستعلامات
300 _a149 ص ؛
_c30 سم
490 _a
650 0 4 _aالجزائر
650 0 4 _aالسينما
650 0 4 _aالانتاج السينمائى
942 _2ddc
_cBK
999 _c36095
_d36095